Vydarenŷ žnyva v Kurymci

Bibliographic Details
Main Author: Kuzmiaková, Anna, 1949- (Author, Photographer)
Format: Article
Language:Ukrainian
PhysicalDescription:Fotogr.
Subjects:
Online Access:www.rusyn.sk

MARC

LEADER 00000nab a2200000 a 4500
001 vtls010868537
003 SK-MaSNL
005 20260318115017.0
008 150914c2015 xo er p 000 c0ukr
015 |a SNBRB2015/09 
038 |a SVKPOCL 
040 |a SVKPOCL  |b slo  |c SVKPOCL  |e AACR2 
041 0 |a ukr 
044 |a xo  |c SK 
080 |a 80(=16)+908(4)  |2 2001 
080 |a 80(=161.25)+908(437.6)  |2 2001 
080 |a 398.3  |2 2001 
080 |a 631.552  |2 2001 
080 |a 394.1/.7  |2 2001 
080 |a 316.022.4(=161.25)(437.6)  |2 2001 
100 1 |a Kuzmiaková, Anna,  |d 1949-  |4 aut  |4 pht  |9 210981 
245 1 0 |a Vydarenŷ žnyva v Kurymci  |c Anna Kuzmiakova, foto avtorkŷ 
300 |b Fotogr. 
500 |a Kuzmjakova, Anna pozri Kuzmiaková, Anna 
611 2 7 |a Žniva - Žatva  |g kultúrne podujatie  |d (2015 :  |c Kurimka, Slovensko)  |2 svkpocl  |9 1619381 
648 7 |a 8.8.2015  |2 svkpocl  |9 1223332 
650 0 7 |a rusinistika  |2 svkpocl  |9 90871 
650 0 7 |a slavistika  |2 svkpocl  |9 4282 
650 0 7 |a Rusíni  |z Slovensko  |2 svkpocl  |9 336690 
650 0 7 |a kultúrne podujatia  |2 svkpocl  |9 71676 
650 0 7 |a ľudové zvyky  |2 svkpocl  |9 66558 
650 0 7 |a žatva  |2 svkpocl  |9 54484 
651 7 |a Kurimka (Slovensko)  |2 svkpocl  |9 17027 
651 7 |a Svidník (Slovensko : okres)  |2 svkpocl  |9 28651 
773 0 |t Info Rusyn  |g Roč. XII , č. 13 (2015), s. 1 a 3 
852 |a SVKPO  |b KIS3GCP 
856 4 1 |u www.rusyn.sk 
958 |a RN 
958 |a SK 
958 |a SS 
999 |c 3336521  |d 3338451